000 00257nam a2200109 a 4500
005 20140414093837.0
008 030528s19uu xx 00 eng d
050 _aVHS 800
_bOR 20
245 _aThe muppet christmas carol.
942 _cAVM
999 _c109096
_d109096